Statistics for Countries, US States, Capitals, Elements, 100 Most Common Words: A + x = B + C #2

Click here to take the quiz!

General Stats

  • This quiz has been taken 68 times
  • The average score is 28 of 40

Answer Stats

ANSWER% Correct
aLgeRia
98%
W
98%
o
94%
somALiA
94%
l
90%
rOmanIa
90%
C
85%
CAmeroon
85%
arMenIa
83%
m
83%
n
83%
washington d.C.
83%
K
81%
lesOThO
81%
irAn
79%
iRan
79%
Oman
79%
oMan
79%
IreLand
75%
L
75%
d
71%
liMa
71%
mOntana
71%
rigA
67%
waNt
62%
Come
60%
lEad
60%
leAd
60%
alSo
58%
chAd
58%
Iron
58%
osLo
58%
mAle
56%
thEm
56%
Argon
50%
Then
50%
g
46%
kingstoWn
46%
ruThenium
46%
cuRium
44%

Score Distribution

Percentile by Number Answered

Percent of People with Each Score

Your Score History

You have not taken this quiz